Statistics for 10 Scrambled Countries - #3

Click here to take the quiz!

General Stats

  • This quiz has been taken 36 times
  • The average score is 8 of 10

Answer Stats

Scrambled CountriesAnswer% Correct
njaapJapan
100%
namaapPanama
97%
anugyaGuyana
94%
thiiaHaiti
94%
losthoeLesotho
90%
ynmramaMyanmar
87%
lsmaioaSomalia
71%
naegtnariArgentina
65%
ieenstneclhitLiechtenstein
58%
snemcriaioMicronesia
52%

Score Distribution

Percentile by Number Answered

Percent of People with Each Score

Your Score History

You have not taken this quiz